000 00841cab a2200193 4500
001 ##L133375
008 060504n2006 000 0 eng u
035 _a(Sirsi) u133375
041 0 _aeng
100 1 _aMackie, Bill
245 0 0 _aSimplicate your language
260 _c2006
490 0 _aBuilding
_v271(8428) 28 April 2006, 58(1)
520 _aWarns that housebuilders must ensure that the legal documentation used when selling homes does not infringe the Unfair Terms in Consumer Contracts Regulations 1999. In particular, contractual terms need to be in plain, intelligible language that still, however, deal with the required conveyancing formalities.
590 _aIKA090506
650 2 4 _aUNFAIR TERMS IN CONSUMER CONTRACTS REGULATIONS 1999
690 _aPROPERTY-PROPERTY ACQUISITION AND DISPOSAL-CONVEYANCING
942 _n0
999 _c76963
_d76963